Catálogo público

Conservación de pastos y forrajes / (Record no. 164109)

MARC details
000 -CABECERA
campo de control de longitud fija 00853nam a2200277Ia 4500
001 - NÚMERO DE CONTROL
campo de control Z_1029
003 - IDENTIFICADOR DEL NÚMERO DE CONTROL
campo de control CHAP
008 - DATOS DE LONGITUD FIJA--INFORMACIÓN GENERAL
campo de control de longitud fija 220113s198X xx 000 0 und d
010 ## - NÚMERO DE CONTROL DE LA BIBLIOTECA DEL CONGRESO
Número de control de LC 164109
040 ## - FUENTE DE LA CATALOGACIÓN
Centro/agencia transcriptor CHAP
082 ## - NÚMERO DE LA CLASIFICACIÓN DECIMAL DEWEY
Número de clasificación 636.085 O44
100 ## - ENTRADA PRINCIPAL--NOMBRE DE PERSONA
Nombre de persona Ojeda García, Félix
9 (RLIN) 82901
245 ## - MENCIÓN DE TÍTULO
Título Conservación de pastos y forrajes /
Mención de responsabilidad, etc. por Félix Ojeda García, Orestes Cáceres García y Marcos Esperance Matamoros
260 ## - PUBLICACIÓN, DISTRIBUCIÓN, ETC.
Lugar de publicación, distribución, etc. [La Habana] :
Nombre del editor, distribuidor, etc. Ministerio de Educación Superior,
Fecha de publicación, distribución, etc. 198X
300 ## - DESCRIPCIÓN FÍSICA
Extensión 133 p
650 ## - PUNTO DE ACCESO ADICIONAL DE MATERIA--TÉRMINO DE MATERIA
Término de materia o nombre geográfico como elemento de entrada Alimentos y alimentación del ganado I. Cáceres García, Orestes II. Esperance Matamoros, Marcos
9 (RLIN) 138190
650 ## - PUNTO DE ACCESO ADICIONAL DE MATERIA--TÉRMINO DE MATERIA
Término de materia o nombre geográfico como elemento de entrada Ensilaje
9 (RLIN) 37102
650 ## - PUNTO DE ACCESO ADICIONAL DE MATERIA--TÉRMINO DE MATERIA
Término de materia o nombre geográfico como elemento de entrada Heno como forraje
9 (RLIN) 53622
650 ## - PUNTO DE ACCESO ADICIONAL DE MATERIA--TÉRMINO DE MATERIA
Término de materia o nombre geográfico como elemento de entrada Pastos forrajeros
9 (RLIN) 86094
901 ## - ELEMENTOS DE DATOS A LOCAL LDA (RLIN)
a 636.085 O44
902 ## - ELEMENTOS DE DATOS B LOCAL, LDB (RLIN)
a M
910 ## - DATOS DE OPCIÓN DEL USUARIO (OCLC)
Datos de opción del usuario 198X
942 ## - ELEMENTOS DE PUNTO DE ACCESO ADICIONAL (KOHA)
Tipo de ítem Koha Libro_
942 ## - ELEMENTOS DE PUNTO DE ACCESO ADICIONAL (KOHA)
Tipo de ítem Koha
Holdings
Estado de retiro Estado de pérdida Fuente del sistema de clasificación o colocación Estado dañado No para préstamo Código de colección Localización permanente Ubicación/localización actual Ubicación en estantería Fecha de adquisición Código de barras Fecha visto por última vez Número de copia Precio válido a partir de Tipo de ítem Koha
    Dewey Decimal Classification     General Zootecnia Zootecnia   12/08/2011 z_0335 18/01/2022 2 18/01/2022 Libro
    Dewey Decimal Classification     General Zootecnia Zootecnia   09/11/2005 z_1085 18/01/2022 1 18/01/2022 Libro